Music Quiz

Random Music or Album Quiz
Score 0/9 Timer 04:00
0 Plays Today
% Correct
Mafia
93.2%
Blessed Hellride
91.3%
Sonic Brew
83.5%
1919 Eternal
79.6%
Shot To Hell
77.7%
Order Of The Black
76.7%
Stronger Than Death
71.8%
The Song Remains Not The Same
47.6%
Hangover Music Vol. VI
39.8%
Remove Ads.
Support Sporcle.
Get the best of Sporcle when you Go Orange. This ad-free experience offers more features, more stats, and more fun while also helping to support Sporcle. Thank you for becoming a member.

You're not logged in!

Compare scores with friends on all Sporcle quizzes.
OR
Log In

Show Comments

Extras

Created Nov 21, 2010ReportNominate
Tags:Album Quiz, black, Label, Society

Top Quizzes Today


Score Distribution

Your Account Isn't Verified!

In order to create a playlist on Sporcle, you need to verify the email address you used during registration. Go to your Sporcle Settings to finish the process.

Report this User

Report this user for behavior that violates our Community Guidelines.

Details: